Focus sur: Muriel "Weasley" - Harry Potter - Statistiques

Statistiques générales
  • Ce quiz a été pris 71 fois
  • Le résultat moyen est 5 sur 8
Statistiques - réponses
Informations recherchées Réponses % Correct
Couleur des cheveux Roux
91%
Première apparition Harry Potter et les Reliques de la Mort
86%
Première mention Harry Potter et le Prince de Sang-Mêlé
74%
Nièce Molly Weasley
67%
Neveu Fabian Prewett
53%
Neveu Gideon Prewett
52%
Surnom Tante Muriel
43%
Actrice l'interprétant dans les films Matyelok Gibbs
16%
Aucun quiz correspondant
Distribution des résultats
% des personnes avec chaque résultat
Percentile par nombre de réponses
Votre historique - résultats
Vous n’avez pas pris ce quiz